|
|
|
|
| LEADER |
00828pam a22002898a 4500 |
| 001 |
00035698 |
| 005 |
20171026081025.0 |
| 008 |
161221s2015 ||||||Viesd |
| 020 |
# |
# |
|a 978 604 1 07798 0
|c 260000
|
| 041 |
0 |
# |
|a Vie
|
| 082 |
1 |
4 |
|a 700.92
|b Đ462NGH
|
| 245 |
0 |
0 |
|b 51 Gương mặt nghệ sĩ Việt Nam
|a Đời nghệ sĩ không chỉ có hào quan
|
| 260 |
# |
# |
|a Tp. Hồ Chí Minh
|b Trẻ. Báo tuổi trẻ
|c 2015
|
| 300 |
# |
# |
|a 404tr.
|b bảng, hình vẽ
|c 23 cm.
|
| 653 |
# |
# |
|a Nghệ sĩ
|
| 653 |
# |
# |
|a Việt Nam
|
| 852 |
# |
# |
|b Kho đọc
|j KD.0019238
|
| 852 |
# |
# |
|j KD.0019238
|
| 910 |
|
|
|d 21/12/2016
|
| 980 |
# |
# |
|a Trung tâm Học liệu Lê Vũ Hùng, Trường Đại học Đồng Tháp
|